000 00640nam a2200229Ia 4500
003 OSt
005 20220923230138.0
006 a|||||r|||| 00| 0
007 ta
008 Pun
024 _a277,776
037 _cTextual
040 _aARTS
_cARTS
_bPun
041 _2Pun
_aPun
082 _aO153,3NPU,x, M1
100 _aਪੁਰੀ, ਗੁਰਦੀਪ ਸਿੰਘ
245 0 _aਉਆਸੇ ਫੱੁਲ ਬਹਾਰਾਂ ਦੇ
260 _c1981
650 _aਪੰਜਾਬੀ ਸਾਹਿਤ
942 _hO153,3NPU,x, M1
_cTEXL
_2CC
999 _c382827
_d382827